Normal view MARC view

Entry Personal Name

Number of records used in: 1

001 - CONTROL NUMBER

  • control field: 68207

003 - CONTROL NUMBER IDENTIFIER

  • control field: dpl

005 - DATE AND TIME OF LATEST TRANSACTION

  • control field: 20240708124133.0

008 - FIXED-LENGTH DATA ELEMENTS

  • fixed length control field: 240708|| aca||aabn | a|a d

040 ## - CATALOGING SOURCE

  • Original cataloging agency: dpl
  • Transcribing agency: dpl

100 ## - HEADING--PERSONAL NAME

  • Personal name: Basu, Sankari Prasad

670 ## - SOURCE DATA FOUND

  • Source citation: Work cat.: (dpl)203994: Basu, Sankari Prasad, Swami Vivekananda In Contemporary India News (1893-1902), 2023

© Delhi Public Library
Hit Counter
free hit counter